Element of Topology (Record no. 47350)

MARC details
000 -LEADER
fixed length control field 00361nam a2200145Ia 4500
008 - FIXED-LENGTH DATA ELEMENTS--GENERAL INFORMATION
fixed length control field 211109s9999||||xx |||||||||||||| ||und||
082 ## - DEWEY DECIMAL CLASSIFICATION NUMBER
Classification number 515
Item number JAN-E
100 ## - MAIN ENTRY--PERSONAL NAME
Personal name Janardhanan Pillai, C P
245 #0 - TITLE STATEMENT
Title Element of Topology
260 ## - PUBLICATION, DISTRIBUTION, ETC.
Name of publisher, distributor, etc. Ajith Book Centre
Place of publication, distribution, etc. Otapalam
Date of publication, distribution, etc. 1993
300 ## - PHYSICAL DESCRIPTION
Extent 224p
630 ## - SUBJECT ADDED ENTRY--UNIFORM TITLE
General subdivision GENERAL STACK
942 ## - ADDED ENTRY ELEMENTS (KOHA)
Koha item type BOOK
650 ## - SUBJECT ADDED ENTRY--TOPICAL TERM
Form subdivision Mathematics
Holdings
Withdrawn status Lost status Damaged status Not for loan Home library Current library Date acquired Cost, normal purchase price Total Checkouts Full call number Barcode Shelving location Date last seen Price effective from Koha item type
        SB LIBRARY SB LIBRARY 09/11/2021 100.00   515 JAN-E 00089412 GENERAL STACK 09/11/2021 09/11/2021 BOOK

Powered by Koha